| 000 | 00825nam a2200289Ia 4500 | ||
|---|---|---|---|
| 003 | OSt | ||
| 005 | 20220912151743.0 | ||
| 006 | a|||||r|||| 00| 0 | ||
| 007 | ta | ||
| 008 | 220909b |||||||| |||| 00| 0 eng d | ||
| 024 | _a42903 | ||
| 037 | _cTextual | ||
| 040 |
_aCSL _beng _cCSL |
||
| 041 | _aeng | ||
| 082 | _aB43p1,N75, L6 | ||
| 100 | _aBekken O B | ||
| 111 | _aInternational conference on analytic functions (1975 : Kristiansand) | ||
| 245 | 0 | _aProceeding on analytic functions | |
| 260 |
_aBerlin _bSpringer-verlag _c1976 |
||
| 300 |
_a204p. _ccm. |
||
| 490 | _aLecture notes in mathematics; 512 | ||
| 650 | _a Complex variables | ||
| 650 | _aMathematics | ||
| 700 | _a Qksendal B K | ||
| 942 |
_hB43p1,N75, L6 _cTEXL _2CC |
||
| 999 |
_c74594 _d74594 |
||